| 000 | 00365 a2200145 4500 | ||
|---|---|---|---|
| 001 | 66180 | ||
| 082 | _a621.3813222TAY | ||
| 090 |
_c38470 _d38470 |
||
| 100 | _aTaylor H. Rosemary | ||
| 245 | _aData acquisition for sensor systems | ||
| 260 |
_aLondon _bChapman & Hall _c1997 |
||
| 300 | _axvi, 327p | ||
| 600 | _tsensor systems | ||
| 650 | _asensor systems | ||
| 942 |
_aNUST-CAE _k621.3813222TAY |
||
| 999 |
_c301253 _d301253 |
||